[Event "5.Online WM / A-WM Finale"]
[Site "?"]
[Date "2009.03.15"]
[Round "1"]
[White "R30 V2.5, TASC."]
[Black "Elite 68060 V11, Fidelity"]
[Result "0-1"]
[WhiteElo "2375"]
[BlackElo "2311"]
[PlyCount "96"]
[EventDate "2009.??.??"]

1. d4 d5 2. c4 e6 3. Nc3 Nf6 4. Nf3 Bb4 5. cxd5 exd5 6. Bg5 h6 7. Bxf6 Qxf6 8.
Qb3 c5 9. O-O-O Bxc3 10. Qxc3 c4 11. e4 dxe4 12. Qe3 Bf5 13. Bxc4 Nc6 14. d5
Nb4 15. Nd2 O-O 16. Nxe4 Qg6 17. Nc3 Rac8 18. b3 Rfe8 19. Qd4 b5 20. Nxb5 Bd3
21. Rd2 Re4 22. Qc3 Rexc4 23. bxc4 Rxc4 24. f3 Qg5 25. Qxc4 Bxc4 26. Nd4 Nxa2+
27. Kc2 Qg6+ 28. Kb2 Qb6+ 29. Kc2 Nb4+ 30. Kc3 Qc5 31. Nb3 Nxd5+ 32. Rxd5 Qxd5
33. Nd4 a5 34. Rd1 Qc5 35. Kb2 a4 36. Nc2 a3+ 37. Kc1 Bb3 38. Rd2 Qc3 39. Kd1
a2 40. Ke2 Bxc2 41. Rd8+ Kh7 42. Ra8 Ba4 43. Rxa4 Qc2+ 44. Ke3 Qxa4 45. Kf2
a1=Q 46. g4 Qf4 47. Kg2 Qb2+ 48. Kh3 Qbxh2# 0-1

[Event "5.Online WM / A-WM Finale"]
[Site "?"]
[Date "2009.03.20"]
[Round "2"]
[White "Elite 68060 V11, Fidelity"]
[Black "R30 V2.5, TASC."]
[Result "0-1"]
[WhiteElo "2311"]
[BlackElo "2375"]
[PlyCount "89"]
[EventDate "2009.??.??"]

1. e4 d6 2. d4 Nf6 3. Nc3 g6 4. f4 Bg7 5. Nf3 c5 6. Bb5+ Bd7 7. e5 Ng4 8. e6
fxe6 9. Ng5 Bxb5 10. Qxg4 Bc4 11. Nxh7 Bxd4 12. Qxg6+ Kd7 13. Ng5 Bxc3+ 14.
bxc3 Nc6 15. Rb1 Qa5 16. Rxb7+ Kc8 17. Rb1 Bxa2 18. Rb2 Qxc3+ 19. Kf2 Qd4+ 20.
Kg3 Bd5 21. h3 e5 22. Kh2 exf4 23. Qf5+ Kc7 24. Qxf4 Qxf4+ 25. Bxf4 e5 26. Rd1
Ne7 27. Bd2 a5 28. Rc1 Bc4 29. Rcb1 Ra7 30. Ra1 a4 31. Ra3 Nc6 32. Ne4 Nd4 33.
g4 Nb5 34. Re3 a3 35. Rb1 a2 36. Ra1 Rf8 37. Be1 Nd4 38. Rc3 Bd5 39. Nd2 Rb8
40. Bf2 Rb2 41. Bxd4 exd4 42. Rd3 Rxc2 43. Kg3 Rc3 44. Rxc3 dxc3 45. Nf1 0-1

[Event "5.Online WM / A-WM Finale"]
[Site "?"]
[Date "2009.03.20"]
[Round "3"]
[White "R30 V2.5, TASC."]
[Black "Elite 68060 V11, Fidelity"]
[Result "0-1"]
[WhiteElo "2375"]
[BlackElo "2311"]
[PlyCount "100"]
[EventDate "2009.??.??"]

1. Nf3 d5 2. d4 c6 3. c4 e6 4. Nc3 dxc4 5. a4 Bb4 6. e3 b5 7. Bd2 a5 8. axb5
Bxc3 9. Bxc3 cxb5 10. b3 Bb7 11. bxc4 b4 12. Bb2 Nf6 13. Bd3 Nbd7 14. Qc2 Qc7
15. e4 Qf4 16. e5 Nh5 17. h3 Bxf3 18. gxf3 f5 19. exf6 Nhxf6 20. Qe2 Kf7 21.
Be4 Nxe4 22. fxe4 Rhc8 23. Rg1 Kg8 24. Bc1 Qf6 25. e5 Qh4 26. Qd3 a4 27. Rg4
Qe7 28. Bh6 g6 29. c5 b3 30. Bg5 Qf7 31. Rf4 Qg7 32. Qc4 Nf8 33. O-O-O a3 34.
Kd2 a2 35. Qc3 Qa7 36. Be7 Qxe7 37. Ra1 Rcb8 38. Qb2 Qb7 39. h4 Qb4+ 40. Kd3
Nd7 41. Re4 Rf8 42. f4 Ra4 43. Re3 Qb5+ 44. Ke4 Qb7+ 45. Kd3 Rxf4 46. Kd2 Rf2+
47. Re2 Qf3 48. Rxf2 Qxf2+ 49. Kd1 Qxb2 50. Ke1 Rxd4 0-1

[Event "5.Online WM / A-WM Finale"]
[Site "?"]
[Date "2009.03.22"]
[Round "4"]
[White "Elite 68060 V11, Fidelity"]
[Black "R30 V2.5, TASC."]
[Result "0-1"]
[WhiteElo "2311"]
[BlackElo "2375"]
[PlyCount "116"]
[EventDate "2009.??.??"]

1. d4 Nf6 2. Nf3 d5 3. Bg5 Ne4 4. Bf4 Bf5 5. Nbd2 c6 6. Nh4 e5 7. Bg3 Nxg3 8.
hxg3 Bg4 9. dxe5 Nd7 10. f3 Be6 11. f4 Bc5 12. Nb3 Be3 13. Nf3 Bf5 14. Nbd4 Be4
15. c3 Qb6 16. Qb3 Qxb3 17. axb3 h6 18. e6 fxe6 19. Nxe6 Kf7 20. Ned4 Rhe8 21.
b4 Kg8 22. Nb3 g5 23. Rxh6 gxf4 24. g4 Ne5 25. Rh5 Nc4 26. Na5 Nd6 27. Nd4 Bg6
28. Rh6 Kg7 29. Rh3 a6 30. Nf3 Rac8 31. g5 Re7 32. Rh6 Nf7 33. Rh4 Bc2 34. Nd4
Be4 35. Nf3 Kg6 36. Nb3 Nxg5 37. Nfd4 Kf6 38. Nc5 Bg6 39. Ra3 Rd8 40. Ra1 Ne4
41. Nd3 Rf8 42. Nf3 Rfe8 43. Kd1 Rh7 44. Rxh7 Bxh7 45. Ke1 Rh8 46. b5 axb5 47.
g4 fxg3 48. Bg2 Bf5 49. Kf1 Rg8 50. Nb4 Ng5 51. Nd4 Rf8 52. Nxf5 Kxf5 53. Nc2
Ke5+ 54. Ke1 Bf2+ 55. Kd2 Ne4+ 56. Kd1 Nd6 57. Ra3 Nf5 58. c4 dxc4 0-1

[Event "5.Online WM / A-WM Finale"]
[Site "?"]
[Date "2009.03.29"]
[Round "5"]
[White "R30 V2.5, TASC."]
[Black "Elite 68060 V11, Fidelity"]
[Result "0-1"]
[WhiteElo "2375"]
[BlackElo "2311"]
[PlyCount "131"]
[EventDate "2009.??.??"]

1. Nf3 d5 2. d4 Nf6 3. c4 c6 4. Nc3 dxc4 5. a4 Bf5 6. e3 e6 7. Bxc4 Bb4 8. O-O
O-O 9. Qe2 Ne4 10. Na2 Be7 11. Bd3 Ng5 12. Ne1 Bxd3 13. Nxd3 Na6 14. Nc3 f6 15.
Bd2 Qb6 16. a5 Qb3 17. f4 Nf7 18. Be1 Nc7 19. e4 Nb5 20. Nc1 Nxc3 21. bxc3 Qb5
22. Qa2 Rfe8 23. a6 Bf8 24. axb7 Qxb7 25. e5 fxe5 26. fxe5 c5 27. Nd3 cxd4 28.
cxd4 Qe4 29. Qf2 Nh6 30. Qd2 Qxd4+ 31. Bf2 Qd7 32. Rfd1 Ng4 33. Ra6 Nxf2 34.
Qxf2 Red8 35. Raa1 a5 36. Qa2 Qd5 37. Qxd5 Rxd5 38. Kf2 Bc5+ 39. Nxc5 Rxc5 40.
Re1 Rf8+ 41. Kg3 Rf5 42. Re4 Rcxe5 43. Rxe5 Rxe5 44. Kf4 Rd5 45. Ke4 Kf7 46.
Ra3 Ke7 47. g4 Kd6 48. h4 e5 49. Kf5 Kc6 50. h5 Rc5 51. Ra1 Kb6 52. Rb1+ Rb5
53. Rg1 a4 54. Ra1 Ka5 55. g5 e4+ 56. Kf4 e3 57. Kxe3 Rxg5 58. Rh1 a3 59. Kd4
Kb4 60. Rb1+ Ka4 61. h6 a2 62. Rh1 gxh6 63. Kc3 Ka3 64. Kc4 Rg4+ 65. Kd5 Ra4
66. Ke6 0-1

[Event "5.Online WM / A-WM Finale"]
[Site "?"]
[Date "2009.04.05"]
[Round "6"]
[White "Elite 68060 V11, Fidelity"]
[Black "R30 V2.5, TASC."]
[Result "1/2-1/2"]
[WhiteElo "2311"]
[BlackElo "2375"]
[PlyCount "203"]
[EventDate "2009.??.??"]

1. d4 d5 2. Nf3 Nf6 3. c4 c6 4. Nc3 dxc4 5. e3 b5 6. a4 b4 7. Nb1 Ba6 8. Qc2 b3
9. Qd1 e6 10. Ne5 c5 11. Nc3 cxd4 12. Qxd4 Nbd7 13. Bxc4 Bc5 14. Qh4 Nxe5 15.
Bxa6 O-O 16. O-O Qa5 17. Be2 Bb4 18. Nb5 Rac8 19. Nd4 Ng6 20. Qh3 e5 21. Nxb3
Qd5 22. Bd1 Rfd8 23. Qf3 Qc4 24. Qe2 Rd3 25. f3 Nh5 26. g3 Nf6 27. e4 Rcd8 28.
Be3 Qe6 29. Nc1 R3d7 30. Bb3 Qe7 31. Na2 Bc5 32. Rad1 Bd4 33. Bxd4 exd4 34. Nc1
Rb7 35. Ba2 Rb4 36. b3 Ne5 37. Nd3 Nxd3 38. Qxd3 Nd7 39. Rc1 Ne5 40. Qd2 d3 41.
h3 a5 42. Kg2 Qd6 43. Rc3 Rb7 44. Rfc1 Qb4 45. Rd1 Re7 46. Rcc1 Qb6 47. Bb1
Red7 48. f4 Nc6 49. Rc4 f6 50. Qf2 Qb7 51. Kh2 d2 52. Qc5 Qxb3 53. Bc2 Qf3 54.
Rc3 Qe2+ 55. Kh1 Nd4 56. Qc4+ Qxc4 57. Rxc4 Nxc2 58. Rxc2 Rd4 59. e5 fxe5 60.
fxe5 Kf7 61. Kg2 Ke6 62. Kf3 R8d5 63. Rc7 Rxe5 64. Kf2 Rd8 65. Rc6+ Kf7 66. Rc2
Red5 67. Rc7+ Kf6 68. Rc3 h5 69. Ke2 g5 70. Rf1+ Ke7 71. Kd1 Rb8 72. Ke2 Rb2
73. Rd1 Ra2 74. Rb3 Kd6 75. Rb6+ Kc7 76. Rh6 g4 77. hxg4 Re5+ 78. Kd3 hxg4 79.
Rf6 Rxa4 80. Rxd2 Ra3+ 81. Kc4 Re4+ 82. Kb5 Rb4+ 83. Ka6 Rxg3 84. Kxa5 Rb8 85.
Rf7+ Kc6 86. Rf6+ Kc5 87. Rf5+ Kc4 88. Rf4+ Kb3 89. Rfd4 Kc3 90. Rd1 Rg2 91.
R1d3+ Kc2 92. Ka6 g3 93. Re3 Rg1 94. Ka7 Rg8 95. Rdd3 Ra1+ 96. Kb7 Rg7+ 97. Kb6
Rg6+ 98. Kc5 Rg5+ 99. Kb4 Rg4+ 100. Kb5 Rb1+ 101. Kc5 Rg5+ 102. Kc4 1/2-1/2

[Event "5.Online WM / A-WM Finale"]
[Site "?"]
[Date "2009.04.05"]
[Round "7"]
[White "R30 V2.5, TASC."]
[Black "Elite 68060 V11, Fidelity"]
[Result "0-1"]
[WhiteElo "2375"]
[BlackElo "2311"]
[PlyCount "132"]
[EventDate "2009.??.??"]

1. d4 d5 2. c4 c6 3. Nf3 Nf6 4. Nc3 e6 5. e3 Nbd7 6. Bd3 dxc4 7. Bxc4 b5 8. Bd3
a6 9. e4 c5 10. d5 c4 11. dxe6 fxe6 12. Bc2 Bb7 13. Ng5 Qe7 14. a3 g6 15. O-O
Bg7 16. Be3 O-O 17. f4 Rad8 18. Qe2 h6 19. Nh3 Nc5 20. e5 Nd5 21. Nxd5 exd5 22.
Bxg6 d4 23. Bd2 d3 24. Qg4 Bc8 25. Qg3 Bxh3 26. gxh3 Nb3 27. Rad1 Nxd2 28. Rxd2
Kh8 29. Qe3 Rg8 30. Rg2 Qe6 31. Rg3 Bf8 32. Be4 Rxg3+ 33. hxg3 Qxh3 34. Bg2 Qc8
35. Qd2 Bc5+ 36. Kh2 Qg4 37. Bf3 Qg6 38. Kg2 Rg8 39. g4 Qb6 40. Re1 Be7 41. Kg3
Qd4 42. Bc6 Kh7 43. Be4+ Kg7 44. Bg2 Rd8 45. a4 bxa4 46. Re4 Qc5 47. e6 Bf6 48.
e7 Bxe7 49. Re6 Rf8 50. Rc6 Qd4 51. Re6 Re8 52. Qe1 Kf7 53. Qe5 Qxe5 54. Rxe5
a3 55. Bd5+ Kf8 56. Rf5+ Kg7 57. Rf7+ Kh8 58. bxa3 c3 59. g5 hxg5 60. Be4 c2
61. Rh7+ Kg8 62. Rh1 Bxa3 63. Bh7+ Kg7 64. fxg5 c1=Q 65. Rxc1 Bxc1 66. Bf5 Re5
0-1